| 000 | 00741nam a22001577a 4500 | ||
|---|---|---|---|
| 999 |
_c61487 _d61487 |
||
| 005 | 20240319143343.0 | ||
| 008 | 240319s1986 ru ||||| |||| 00| 0 rus d | ||
| 041 | _arus | ||
| 080 | _a93(7) T-80 | ||
| 100 |
_aТрухина, Н.Н. _921470 |
||
| 245 |
_aПолитика и политики "Золотого века" римской республики : _b(II в. до н. э.) / _cН. Н. Трухина. |
||
| 264 |
_aМосква : _bИздательство Московского университета, _c1986. |
||
| 300 |
_a184 c.; _b24 cm. |
||
| 653 | _aრომის რესპუბლიკის „ოქროს ხანის“ პოლიტიკა და პოლიტიკოსები | ||
| 942 |
_2udc _cBK |
||